000 00298nam a22001337a 4500
008 181217b xxu||||| |||| 00| 0 eng d
020 _a0443011001
041 _aeng
080 _25th
_a610
100 _a4
101 _aSHM
245 _aNotes on Medical Virology
_cTimbury,M.C
942 _2udc
_cBK
999 _c53197
_d53197